Statistics for Top 50 Countries With The Highest Depression Rate

Click here to take the quiz!

General Stats

  • This quiz has been taken 114 times
  • The average score is 31 of 50

Answer Stats

%Country% Correct
5.90United States
97%
5.50Russia
91%
5.20Spain
86%
4.80France
85%
5.40Germany
84%
4.90Sweden
84%
5.60Finland
83%
5.20Italy
83%
5.10Poland
82%
5.70Portugal
80%
6.60Ukraine
80%
5.00Denmark
77%
4.90Latvia
76%
5.60Lithuania
76%
6.20Estonia
75%
6.00Brazil
74%
5.70Greece
72%
4.80Argentina
71%
5.80Australia
70%
5.00Romania
69%
5.10Austria
68%
5.30Bulgaria
68%
5.10Serbia
68%
5.60Belarus
67%
5.10Slovakia
67%
5.10Chile
66%
5.10Slovenia
66%
5.00Switzerland
65%
5.10Croatia
63%
5.40New Zealand
63%
5.10Bosnia and Herzegovina
62%
5.10Hungary
62%
5.40Moldova
57%
5.30Czech Republic
56%
4.80Armenia
55%
4.90Georgia
55%
4.80Luxembourg
54%
5.50Uruguay
51%
5.00Malta
47%
5.40Cuba
46%
5.10United Arab Emirates
43%
5.10Cyprus
40%
5.20Paraguay
39%
4.90Kuwait
34%
5.10Qatar
33%
5.10Bahamas
29%
5.20Barbados
18%
5.00Antigua and Barbuda
13%
5.20Trinidad and Tobago
12%
5.00Djibouti
5%

Score Distribution

Percentile by Number Answered

Percent of People with Each Score

Your Score History

You have not taken this quiz